La administración española en el siglo XIX Puertorriqueño: pervivencia de la variante indiana del decisionismo castellano en Puerto Rico

Uloženo v:
Podrobná bibliografie
Hlavní autor: Lalinde Abadía, Jesús (Autor)
Médium: Kniha
Jazyk:španělština
Vydáno: Sevilla Escuela de Estudios Hispano-Americanos 1980
Edice:Escuela de Estudios Hispano-Americanos de Sevilla, 160
Témata:
Tagy: Přidat tag
Žádné tagy, Buďte první, kdo vytvoří štítek k tomuto záznamu!

MARC

LEADER 00000nam a2200000 a 4500
001 UCR0561
003 CL-VaPUC
008 971205e19800000SP |||||||||||||||||spa|d
082 0 4 |a 336.09  |b LAL  |2 21 
100 |a Lalinde Abadía, Jesús  |e author  |9 569398 
245 1 3 |a La administración española en el siglo XIX Puertorriqueño: pervivencia de la variante indiana del decisionismo castellano en Puerto Rico 
300 |a 185 p 
942 |c BK 
945 |d 19971205 00:00:00  |a cmena 
260 |a Sevilla  |b Escuela de Estudios Hispano-Americanos  |c 1980 
650 0 |a Administración pública   |9 255343 
650 0 |a Investigación histórica  |9 344844 
650 0 |a Análisis histórico   |9 338000 
650 0 |a Derecho privado  |9 258243 
650 0 |a Derecho Indiano  |9 256266 
650 0 |a Política gubernamental  |9 262286 
650 0 |a Epoca colonial   |9 352022 
650 7 |a REPRESION  |2 CL-VaPUC  |9 358182 
650 0 |a Esclavitud  |9 323605 
650 0 |a Extranjeros   |9 358057 
650 0 |a Ordenamiento jurídico   |9 355371 
650 0 |a Autoridad   |9 257105 
650 0 |a Imperialismo  |9 258264 
651 7 |a PUERTO RICO  |2 CL-VaPUC  |9 254988 
651 0 |a España  |9 254926 
583 |a last modification  |c 19971205 00:00:00  |k Rodrigo Vera 
490 0 |a Escuela de Estudios Hispano-Americanos de Sevilla, 160 
999 |c 264062  |d 264060 
952 |0 0  |1 0  |4 0  |6 336_090000000000000_LAL_1980  |7 0  |8 X  |9 293662  |a BIBDER  |b BIBDER  |d 2019-11-19  |i 1908804  |o 336.09 LAL 1980  |p 1908804  |r 2023-01-25  |w 2019-11-19  |y BK_X  |k DER